000 01469cam a22003374a 4500
001 11928608
003 OSt
005 20160420184913.0
008 000303s2000 enka b 001 0 eng
010 _a 00028911
020 _a0521632358
020 _a0521635039 (pbk.)
040 _aDLC
_cDLC
_dDLC
042 _apcc
050 0 0 _aQA76.889
_b.N54 2000
082 0 0 _a511.8
_bNIE 2000
100 1 _aNielsen, Michael A.
_d1974-
_98159
245 1 0 _aQuantum computation and quantum information /
_cMichael A. Nielsen and Isaac L. Chuang.
260 _aCambridge ;
_aNew York :
_bCambridge University Press,
_c2000.
300 _axxv, 676 p. :
_bill. ;
_c26 cm.
504 _aIncludes bibliographical references (p. [649]-664) and index.
650 0 _aQuantum computers.
_98160
700 1 _aChuang, Isaac L.,
_d1968-
_98161
856 4 1 _3Sample text
_uhttp://www.loc.gov/catdir/samples/cam031/00028911.html
856 4 2 _3Publisher description
_uhttp://www.loc.gov/catdir/description/cam021/00028911.html
856 4 1 _3Table of contents
_uhttp://www.loc.gov/catdir/toc/cam022/00028911.html
856 4 2 _3Contributor biographical information
_uhttp://www.loc.gov/catdir/enhancements/fy0731/00028911-b.html
906 _a7
_bcbc
_corignew
_d1
_eocip
_f20
_gy-gencatlg
942 _2ddc
_cSLOAN
999 _c3673
_d3673